Estatísticas para Adivinhe a música da Taylor Swift sem dicas #2

Clique aqui para jogar o quiz

Estatísticas Gerais

  • Esse quiz foi jogado 171 vezes
  • A pontuação média é 261 de 482

Estatísticas das Respostas

HintResposta% Correto
.I
99%
(I
99%
You
97%
you
97%
you)
97%
a
96%
A
96%
the
88%
The
88%
love
82%
me
81%
we
79%
We
79%
he
74%
be
73%
do
73%
to
73%
in
70%
on
70%
who
66%
my
65%
were
64%
it
61%
(And
60%
And
60%
When
59%
your
59%
of
57%
hear
55%
know
55%
ever
52%
that
52%
can
51%
was
51%
AM
49%
man)
49%
man
49%
Never
49%
never
49%
say
49%
see
49%
did
48%
Like
48%
what
47%
all
45%
back
44%
I'm
43%
they
43%
better
41%
could
41%
this
40%
At
39%
But
39%
(But
39%
had
38%
some
37%
have
36%
miss
36%
night
36%
night)
36%
thing
36%
wish
36%
just
35%
one
35%
feel
34%
why
33%
if
31%
If
31%
off
31%
own
31%
mind
30%
Than
30%
It's
29%
again)
28%
again,
28%
again
28%
Didn't
28%
hand
28%
middle
28%
now
26%
his
25%
can't
23%
been
22%
goodbye
22%
Oh,
22%
always
21%
every
21%
four
21%
(Sometimes,
21%
Sometimes,
21%
best
20%
lovin'
20%
probably
20%
run
20%
magic
19%
myself:
19%
still
19%
damage
17%
forget
17%
I'd
17%
might
17%
mirror
17%
permanent
17%
saying
17%
away
16%
bravest
16%
thought
16%
alone
15%
any
15%
down
15%
kind
15%
Standing
15%
sweet
15%
turn
15%
wasn't
15%
because
14%
change
14%
gave
14%
around
13%
minute
13%
wonder
13%
Yeah,
13%
yeah
13%
yeah,
13%
beginning
12%
both
12%
given
12%
hold
12%
these
12%
word
12%
would've
12%
gun
11%
jealousy
11%
needing
11%
Push
11%
careless
10%
loaded
10%
Talking
10%
terms
10%
waited
10%
days
9%
Hoping
9%
become
7%
onto
7%
pride
7%

Distribuição das Pontuações

Percentil de Números Respondidos

Porcentagem de Pessoas com Cada Pontuação

Sua Pontuação Histórica

Você não jogou esse quiz